| 000 | 01297cam a22003497a 4500 | ||
|---|---|---|---|
| 003 | CHAP | ||
| 005 | 20220329142759.0 | ||
| 008 | 030911d2000 mx r 00110 spa d | ||
| 010 | _a87680 | ||
| 011 | _a88652 | ||
| 020 | _a9688844543 | ||
| 035 | _a99197 | ||
| 040 | _cCHAP | ||
| 082 | 0 | 4 |
_a333.72 _bP5 |
| 100 | 0 | 0 |
_aPedroza Sandoval, Aurelio _eed. _986574 |
| 245 | 1 | 0 |
_aAprovechamiento integral de los recursos naturales en zonas áridas _c/ed. por Aurelio Pedroza Sandoval, Jesús Héctor Esparza Martínez y José Ruíz Torres |
| 260 |
_aBermejillo, Dgo. : _bUACH. Unidad Regional Universitaria de las Zonas Aridas, _c2000. |
||
| 300 |
_a100 h. ; _bgráfs. |
||
| 590 |
_aBATCH-UPD _b10 _c20130110 _lUCH01 _h1158 |
||
| 590 |
_aBATCH-UPD _b10 _c20130410 _lUCH01 _h0740 |
||
| 590 |
_aBATCH-UPD _b10 _c20130914 _lUCH01 _h1905 |
||
| 590 |
_aCONVERSION _b10 _c20130109 _lUCH01 _h1349 |
||
| 650 | 1 | 4 |
_aRecursos naturales _xAprovechamiento. _995190 |
| 650 | 1 | 4 |
_aRecursos naturales _xRegiones áridas. _995311 |
| 650 | 1 | 4 |
_aRegiones áridas. _995669 |
| 700 | 0 | 0 |
_aEsparza Martínez, Jesús Héctor _eed. _937763 |
| 700 | 0 | 0 |
_aRuiz Torres, José _eed. _9100794 |
| 901 | _aBK | ||
| 905 | _aAlejandra Carrasco M. | ||
| 942 | _cLIBRO | ||
| 949 |
_a333.72 P5 _bBC _cUACH _d33724000898532 _eUACH _h103951 _i99197 _sb |
||
| 999 |
_c87680 _d87680 |
||